Do kogo należą te nieuznawane państwa? - Statystyki

Ogólne statystyki
  • Ten quiz został rozwiązany 28 razy
  • Średni wynik to 7 z 11
Statystyki odpowiedzi
Hint Odpowiedź % Poprawnych
Tybet Chiny
92%
Czeczenia Rosja
92%
Górski Karabach Azerbejdżan
88%
Somaliland Somalia
88%
Naddniestrze Mołdawia
84%
Kurdystan Irak
80%
Tatarstan Rosja
68%
Anguilla Wielka Brytania
52%
Kabinda Angola
28%
Katanga Demokratyczna Republika Konga
24%
Adżaria Gruzja
24%
Nie znaleziono quizów pasujących do podanych kryteriów
Rozkład punktacji
Procent ludzi z każdym wynikiem
Percentyl według liczby udzielonych odpowiedzi
Twoja historia wyników
Nie rozwiązałeś tego quizu